000 00743cam a2200265 a 4500
001 3842076
003 NUST - PNEC
005 20170116181133.0
008 871116s1988 enka b 001 0 eng
010 _a 87034040
020 _a8172244401
020 _a0408015128
040 _aDLC
_cLIBRARY
_dDLC
050 0 0 _aTS230
_b.E63 1988
082 0 0 _a672.2 ELL
100 1 _aElliott, Roy,
_cPh. D.
245 1 0 _aCast iron technology /
_cRoy Elliott.
260 _aNew Delhi:
_bJaico Publishing House,
_c1988.
300 _a244 p. :
_bill. ;
_c25 cm.
504 _aIncludes bibliographies and index.
650 0 _aIron founding.
_xME
650 0 _aCast-iron.
906 _a7
_bcbc
_corignew
_d1
_eocip
_f19
_gy-gencatlg
942 _2ddc
_cBK
999 _c70092
_d70092